Dalam tanah ia bersepah

Bibliographic Details
Main Author: Disusun semula:Ws Uzala
Format: Book
Published: Selangor : Eddiplex , 2015
Series:Siri teka-teki tradisi lama
Subjects:

MARC

LEADER 00000cam a2200000 7i4500
001 0000054753
005 20151222.0
008 151109
020 |a 9789670799148 
090 0 0 |a JF NS   |b MAL 
100 0 |a Disusun semula:Ws Uzala 
245 1 0 |a Dalam tanah ia bersepah 
260 |a Selangor :   |b Eddiplex ,   |c 2015 
490 0 |a Siri teka-teki tradisi lama 
500 |a Children ages 7-9 years old (orange) 
650 0 |a Didactic fiction&stories malay 
999 |a 0001365674   |b Book   |c Children Collection   |e Cawangan Taman Universiti 
999 |a 0001365675   |b Book   |c Children Collection   |e Cawangan Taman Sri Lambak 
999 |a 0001365676   |b Book   |c Children Collection   |e Cawangan Bandar Penawar 
999 |a 0001365677   |b Book   |c Teenagers   |e Cawangan Bandar Tenggara 
999 |a 0001365678   |b Book   |c Children Collection   |e Cawangan Mersing 
999 |a 0001365679   |b Book   |c Children Collection   |e Cawangan Kota Tinggi 
999 |a 0001365680   |b Book   |c Children Collection   |e Cawangan Bukit Gambir 
999 |a 0001365681   |b Book   |c Children Collection   |e Cawangan Sri Merlong 
999 |a 0001365682   |b Book   |c Children Collection   |e Cawangan Pontian 
999 |a 0001365684   |b Book   |c Children Collection   |e Cawangan Tangkak 
999 |a 0001365685   |b Book   |c Children Collection   |e Cawangan Batu Pahat 
999 |a 0001365686   |b Book   |c Children Collection   |e Cawangan Tmn. Ungku Tun Aminah 
999 |a 0001365687   |b Book   |c Children Collection   |e Cawangan Segamat 
999 |a 0001367056   |b Book   |c Children Collection   |e Perbadanan Perpustakaan Awam Johor